Top 15 Countries with Covid-19 Cases - 27 October 2021 - Statistics

General Stats
  • This quiz has been taken 38 times
  • The average score is 14 of 27
Answer Stats
country % Correct
United States
97%
France
86%
India
86%
Russia
86%
Italy
83%
United Kingdom
83%
Brazil
81%
Spain
81%
Germany
75%
Argentina
67%
Mexico
67%
Indonesia
58%
Netherlands
50%
Colombia
47%
Sweden
44%
Turkey
44%
Belgium
42%
Israel
33%
Iran
31%
Serbia
31%
Czechia
28%
Slovenia
25%
Georgia
17%
Bahrain
11%
Estonia
11%
Uruguay
11%
Lithuania
8%
No matching quizzes found
Score Distribution
Percent of People with Each Score
Percentile by Number Answered
Your Score History
You have not taken this quiz